Conti con la (propria) storia (I) (Record n. 83633)
[ formato base ]
| 000 -LEADER | |
|---|---|
| fixed length control field | 00983nam a2200289Ia 4500 |
| 001 - CONTROL NUMBER | |
| control field | H4736 |
| 003 - CONTROL NUMBER IDENTIFIER | |
| control field | IT-RoPAU |
| 008 - FIXED-LENGTH DATA ELEMENTS--GENERAL INFORMATION | |
| fixed length control field | 130308s9999 xx 000 0 und d |
| 040 ## - CATALOGING SOURCE | |
| Original cataloging agency | IT-RoPAU |
| 040 ## - CATALOGING SOURCE | |
| Transcribing agency | IT-RoPAU |
| 041 ## - LANGUAGE CODE | |
| Language code of text/sound track or separate title | ITALIANO |
| 100 ## - MAIN ENTRY--PERSONAL NAME | |
| Personal name | Mazzei Luca |
| 100 ## - MAIN ENTRY--PERSONAL NAME | |
| Miscellaneous information | Codice Aut. SPICS: 55641 |
| 245 ## - TITLE STATEMENT | |
| Title | Conti con la (propria) storia (I) |
| 245 ## - TITLE STATEMENT | |
| Remainder of title | Idea Documentaria (L'). Altri Sguardi dal Cinema Italiano |
| 250 ## - EDITION STATEMENT | |
| Edition statement | 2a ed. |
| 260 ## - PUBLICATION, DISTRIBUTION, ETC. (IMPRINT) | |
| Place of publication, distribution, etc. | TORINO |
| 260 ## - PUBLICATION, DISTRIBUTION, ETC. (IMPRINT) | |
| Name of publisher, distributor, etc. | Lindau |
| 260 ## - PUBLICATION, DISTRIBUTION, ETC. (IMPRINT) | |
| Date of publication, distribution, etc. | 2004 [1° Ed.:2003 - Ed.Ling.Originale:2003] |
| 300 ## - PHYSICAL DESCRIPTION | |
| Extent | "9 p. (prefazione: no ; testo: 9 [pagine: 241-249])" |
| 500 ## - GENERAL NOTE | |
| General note | Tutto Inizio' con un 32 (Perche' 6 Non vuol Dire Sufficiente). Un Problemadi Scelte. l'era del Muto. tutto (R)Comincio' nel 1991, Anzi nel 1993. tornare in Provincia per tornare in Europa. Scomporre per Ricostruire. |
| 650 ## - SUBJECT ADDED ENTRY--TOPICAL TERM | |
| Topical term or geographic name as entry element | GENERI CINEMATOGRAFICI |
| 650 ## - SUBJECT ADDED ENTRY--TOPICAL TERM | |
| Relator term | Codice materia Spics: 6810 |
| 942 ## - ADDED ENTRY ELEMENTS (KOHA) | |
| Koha item type | LIBRO |
| 957 ## - | |
| -- | 1 |
| 999 ## - SYSTEM CONTROL NUMBERS (KOHA) | |
| -- | 1 |
| Withdrawn status | Lost status | Damaged status | Not for loan | Home library | Current library | Date acquired | Total Checkouts | Full call number | Date last seen | Price effective from | Koha item type | Public note |
|---|---|---|---|---|---|---|---|---|---|---|---|---|
| Buone Condizioni | Not For Loan | SPICS-MEDIATECA | SPICS-MEDIATECA | 08/03/2013 | H4736 | 08/03/2013 | 08/03/2013 | LIBRO | Progressivo inserimento: 38970 / N. Volumi: 0 [=Contributo] Copie: 1 / data import: 1 marzo 2013 - By Epidotti, Trombetti, Vaglietti. |